The Cinderella Complex : Women's Hidden Fear of Independence /

Enregistré dans:
Détails bibliographiques
Auteur principal: Dowling, Colette (autor)
Format: Livre
Langue:anglais
Publié: Nueva York, EUA : Pocket Books, 1982, c1981
Sujets:
Tags: Ajouter un tag
Pas de tags, Soyez le premier à ajouter un tag!

MARC

LEADER 00000nam^a2200000^a^4500
001 000191404
005 20250521000000.0
009 20260310102524.369
020 |a 0-671-44834-X 
037 |a Acervo ITESO - Biblioteca 
041 |a ING 
082 |a 305. 42  |b DOW 
100 |a Dowling, Colette  |e (autor) 
245 1 4 |a The Cinderella Complex :  |b Women's Hidden Fear of Independence /  |c C. Dowling. 
264 4 |a Nueva York, EUA :  |b Pocket Books,  |c 1982, c1981 
300 |a XI, 289 p. 
336 |a texto  |b txt  |2 rdacontenido 
337 |a sin mediación  |b n  |2 rdamedio 
338 |a volumen  |b nc  |2 rdasoporte 
649 |a XX 
650 |a Mujeres -  |x Condiciones Psicológicas -  |x Tema Principal 
650 |a Identidad de Género 
650 |a Identidad Personal 
650 |a Género 
650 |a Dependencia Psicológica 
650 |a Autonomía Personal 
650 |a Miedo 
650 |a Psicología Evolutiva 
650 |a Psicología 
910 |a Fondo General 
920 |a Impresos - Libros 
930 |a Colección General 
905 |a 101 
901 |a 0500135208  |b IT1  |c ACC  |u 20250521 
902 |a https://opac.biblio.iteso.mx/vufind/Record/000191404